[Event "DEN-ch U12 rapid"]
[Site "Odense"]
[Date "2021.10.01"]
[Round "6"]
[White "Adrovic, Dzemil"]
[Black "Andries, Leia"]
[Result "1/2-1/2"]
[WhiteElo "1086"]
[BlackElo "1192"]
[PlyCount "54"]
[EventDate "2021.10.01"]
[EventType "swiss"]
[EventRounds "7"]
[EventCountry "DEN"]
[SourceTitle "EXT 2024"]
[Source "ChessBase"]
[SourceDate "2023.10.10"]
[SourceVersion "1"]
[SourceVersionDate "2023.10.10"]
[SourceQuality "1"]

1. d4 Nf6 2. Nf3 e6 3. g3 c5 4. Bg2 Nc6 5. Nc3 d5 6. 0-0 Bd7 7. Bf4 Be7 8. Nb5 0-0 9. Re1 Qb6 10. Nc3 Nxd4 11. b3 Nxf3+ 12. Bxf3 Bd6 13. Bd2 Rac8 14. e4 dxe4 15. Nxe4 Be5 16. Rb1 Bc6 17. Nxf6+ Bxf6 18. Be3 Rfd8 19. Qe2 Bxf3 20. Qxf3 Qb4 21. c4 b6 22. Qe4 Qc3 23. Qb7 Ra8 24. Red1 Qa5 25. a4 Rab8 26. Qe4 Qc3 27. Bf4 Rbc8 1/2-1/2